| 000 | 00672nam a2200205 a 4500 | ||
|---|---|---|---|
| 999 |
_c1609 _d1609 |
||
| 001 | 1609 | ||
| 003 | BD-JhCC | ||
| 005 | 20171022162012.0 | ||
| 008 | 171022s1988 II |||| |||| 000 0 ben d | ||
| 035 | _a(BD-JhCC)1609 | ||
| 040 |
_aBD-JhCC _dBD-JhCC |
||
| 041 | _aben | ||
| 082 |
_a891.4435 _bMOH 1988 |
||
| 100 | _aমহাস্থবির | ||
| 245 |
_aমহাস্থবির এর গল্পসমগ্র / _cমহাস্থবির |
||
| 260 |
_aকলকাতা : _bবিশ্ববাণী প্রকাশনী ; _c১৯৮৮ |
||
| 300 |
_a৪৭৩ পৃ. ; _c২০ সে.মি. |
||
| 650 | _aCollection of Stories | ||
| 942 |
_2ddc _cBK |
||